| 000 | 00477nam a2200133Ia 4500 | ||
|---|---|---|---|
| 008 | 170419s9999 xx 000 0 und d | ||
| 100 | _aOermann, Marilyn H. | ||
| 245 | _aHiring intentions of directors of nursing programs related to DNP and PhD-prepared faculty and roles of faculty | ||
| 245 | _cMarilyn H. Oermann, Mary R. Lynn, and Charlotte A. Agger | ||
| 260 | _bElsevier | ||
| 260 | _c2016 | ||
| 300 | _aMay/June 2016 | ||
| 440 |
_aJournal of Profesional Nursing _v32:3 |
||
| 999 |
_c329518 _d329518 |
||